000 01488ngm a2200325 4500
003 dpl
005 20090112110542.0
007 DVD
008 ||||||sp199 xxu|||||c ||| 00| 0 ng d
010 _aDVD-002035-2037
024 _c95.00
_aTDIDE 461E
035 _aDVD-002035-2037
040 _aDPL
_cDPL
082 _aDVD / RAMR
245 _aRam Raksha Kavach
_cTimes Music Presents
_h[videorecording] DVD/
260 _bTimes Music
300 _a1 compactdisc ACD;
_bsd.,
_c4 3/4 in.
_fACD
440 _aTimes Music
500 _aRam Raksha Jap- 11 Times
538 _aDolby Digital 5.1 - Hindi Subtitles: English
538 _aAnamorphic Wide Screen Format, Presented 2:35.1 Aspect Ratio Enhancaead for 16:9 Wide Screen
650 _aAudio
700 _aBhave, Harsha
700 _aTarey, Kshitij
942 _cCF
_2ddc
_hDVD
_mRAMR
999 _c20842
_d20842